[Event "Hastings Masters 2011-12"]
[Site "Hastings ENG"]
[Date "2011.12.31"]
[Round "4.31"]
[White "Repplinger, Marc"]
[Black "Roubaud, Alexandre"]
[Result "0-1"]
[WhiteElo "2241"]
[BlackElo "2086"]
[PlyCount "142"]
[EventDate "2011.12.28"]

1. d4 Nf6 2. c4 e6 3. g3 c5 4. d5 exd5 5. cxd5 d6 6. Bg2 g6 7. Nc3 Bg7 8. Nf3
O-O 9. O-O Re8 10. Nd2 b6 11. a4 Ba6 12. Nb5 Bxb5 13. axb5 Nbd7 14. h3 Nh5 15.
e4 Ne5 16. Qc2 g5 17. Ra3 g4 18. hxg4 Nxg4 19. Bf3 Nhf6 20. Nc4 Ne5 21. Nxe5
Rxe5 22. Bf4 Re8 23. Rfa1 Qd7 24. Kg2 Red8 25. Ra4 Ne8 26. Be2 Qe7 27. Bd3 Nf6
28. Bg5 h6 29. Bh4 Qd7 30. f3 Re8 31. Rh1 Qb7 32. Bxf6 Bxf6 33. Rxh6 Kg7 34.
Rh1 Rh8 35. Raa1 Qe7 36. f4 Bd4 37. Qe2 Qd7 38. Raf1 Rae8 39. g4 Qc8 40. b3
Rxh1 41. Rxh1 Rh8 42. Rh5 Rxh5 43. gxh5 Kh6 44. Kg3 f5 45. exf5 Qg8+ 46. Kh3
Bf6 47. Qe6 Qf8 48. Be2 Qe7 49. Bf3 Qf8 50. Bd1 Qe7 51. Bg4 Qf8 52. Bf3 Qe7 53.
Qg8 Qg7 54. Qe8 Kh7 55. Be4 Kh6 56. Bd3 Kh7 57. Qg6+ Kh8 58. Kg4 Qf8 59. Kf3
Qg7 60. h6 Qe7 61. Bf1 Qf8 62. Bh3 Qe7 63. h7 Qg7 64. Bg4 Qf8 65. Bh5 Qg7 66.
Kg4 Qf8 67. Kh3 Qg7 68. Qe8+ Kxh7 69. Bg6+ Kh6 70. Kg4 Qh8 71. Qd7 Bd8 0-1

[Event "Hastings Masters 2011-12"]
[Site "Hastings ENG"]
[Date "2011.12.31"]
[Round "4.32"]
[White "Barton, R Alan"]
[Black "Olsarova, Tereza"]
[Result "1/2-1/2"]
[WhiteElo "2073"]
[BlackElo "2232"]
[PlyCount "72"]
[EventDate "2011.12.28"]

1. d4 d5 2. Nf3 c6 3. c3 Nf6 4. Bf4 Bf5 5. e3 Nbd7 6. h3 h6 7. Bd3 Ne4 8. Qc2
e6 9. Nbd2 Ndf6 10. Ne5 Be7 11. g4 Bh7 12. f3 Nxd2 13. Kxd2 Bxd3 14. Qxd3 Nd7
15. Bg3 Bh4 16. Bxh4 Qxh4 17. Nxd7 Kxd7 18. f4 Rag8 19. Raf1 Qe7 20. h4 Kc8 21.
b4 Kb8 22. e4 g5 23. fxg5 hxg5 24. h5 e5 25. exd5 exd4 26. Qxd4 Rd8 27. Kc2
Rhe8 28. Re1 Qd7 29. Rxe8 Qxe8 30. d6 Qe6 31. h6 Qxa2+ 32. Kd3 Re8 33. Re1 Qa6+
34. Kd2 Qa2+ 35. Kd3 Qa6+ 36. Kd2 Qa2+ 1/2-1/2

[Event "Hastings Masters 2011-12"]
[Site "Hastings ENG"]
[Date "2011.12.31"]
[Round "4.35"]
[White "Armstrong, Malcolm J"]
[Black "MacQueen, Calum"]
[Result "0-1"]
[WhiteElo "2016"]
[BlackElo "2219"]
[PlyCount "102"]
[EventDate "2011.12.28"]

1. d4 g6 2. Nf3 Bg7 3. e4 d6 4. Nc3 a6 5. Be3 Nf6 6. h3 b5 7. Bd3 O-O 8. O-O
Bb7 9. a3 Nbd7 10. Qd2 c5 11. d5 e6 12. dxe6 fxe6 13. Bf4 Qe7 14. Rfe1 Nh5 15.
Bg5 Bf6 16. Bh6 Bg7 17. Bg5 Qf7 18. Rad1 Ne5 19. Nxe5 Bxe5 20. Bf1 b4 21. axb4
cxb4 22. Na4 Rab8 23. c3 Bc6 24. Ra1 Qd7 25. Bh6 Rfe8 26. g4 Ng7 27. f4 Bf6 28.
g5 Bd8 29. b3 Nh5 30. Bc4 Ng3 31. Bd3 bxc3 32. Nxc3 Rxb3 33. Kh2 Nh5 34. Bxa6
Bc7 35. Be2 Nxf4 36. Qxf4 Rxc3 37. Rf1 Qe7 38. Ra7 Bd7 39. Qd2 Rc5 40. Kh1 Bc6
41. Bf3 Rd8 42. Bg2 Rb5 43. Qf2 Rb7 44. Ra3 Bb5 45. Rc1 Bb6 46. Qd2 Bc5 47. Rf3
Rdb8 48. Rf6 Bc6 49. Qa2 Rb3 50. Rcf1 d5 51. exd5 Bxd5 0-1

[Event "Hastings Masters 2011-12"]
[Site "Hastings ENG"]
[Date "2011.12.31"]
[Round "4.36"]
[White "Surendran, N."]
[Black "Olson, Hamish"]
[Result "1-0"]
[WhiteElo "2207"]
[BlackElo "1965"]
[PlyCount "67"]
[EventDate "2011.12.28"]

1. d4 Nf6 2. Nf3 g6 3. g3 Bg7 4. Bg2 O-O 5. O-O d6 6. c4 Nbd7 7. Nc3 e5 8. h3
c6 9. e4 Qa5 10. Be3 exd4 11. Nxd4 Ne5 12. c5 dxc5 13. Nb3 Qc7 14. f4 Rd8 15.
Qe2 Nh5 16. Kh2 c4 17. Nd2 Nd3 18. e5 f6 19. Nce4 fxe5 20. f5 Bxf5 21. Rxf5
gxf5 22. Qxh5 fxe4 23. Bxe4 Bf8 24. Rf1 Qg7 25. Nxc4 b5 26. Na5 Rd6 27. Nxc6
Rc8 28. Nxa7 Rc2+ 29. Kh1 Rxb2 30. Bxh7+ Qxh7 31. Rxf8+ Kxf8 32. Qxh7 Ke8 33.
Qg8+ Kd7 34. Qf7+ 1-0

[Event "Hastings Masters 2011-12"]
[Site "Hastings ENG"]
[Date "2011.12.31"]
[Round "4.37"]
[White "Wallis, Ian J"]
[Black "Grant, Alan G"]
[Result "0-1"]
[WhiteElo "2003"]
[BlackElo "2186"]
[PlyCount "48"]
[EventDate "2011.12.28"]

1. e4 c6 2. Ne2 d5 3. e5 d4 4. b4 a5 5. Bb2 axb4 6. Nxd4 e6 7. Nf3 b5 8. d4 Ne7
9. Bd3 Nd5 10. O-O Nd7 11. c4 bxc4 12. Bxc4 N7b6 13. Nbd2 Be7 14. Qc2 Nxc4 15.
Qxc4 O-O 16. Qxc6 Ba6 17. Rfd1 Qb8 18. Qc2 Rc8 19. Qe4 Bb7 20. Qg4 Rc2 21. Bc1
Nc3 22. Re1 Bd5 23. Ng5 Bxg5 24. Qxg5 b3 0-1

[Event "Hastings Masters 2011-12"]
[Site "Hastings ENG"]
[Date "2011.12.31"]
[Round "4.38"]
[White "Martinsen, Stig K"]
[Black "Bharathi, R."]
[Result "1/2-1/2"]
[WhiteElo "2145"]
[BlackElo "2094"]
[PlyCount "85"]
[EventDate "2011.12.28"]

1. d3 d5 2. g3 Nf6 3. Bg2 c5 4. f4 Nc6 5. Nf3 g6 6. O-O Bg7 7. Qe1 O-O 8. e4
dxe4 9. dxe4 e5 10. Nc3 exf4 11. gxf4 Be6 12. h3 Nd4 13. Qf2 Qd7 14. Ng5 Bc4
15. Rd1 Rad8 16. Be3 Nh5 17. Nf3 Qc7 18. Nd2 Be6 19. Nb3 Nxb3 20. axb3 b6 21.
f5 gxf5 22. exf5 Bc8 23. Nd5 Qe5 24. Rxa7 Kh8 25. Bg5 f6 26. Bc1 Qxf5 27. Qh4
Be6 28. Rf1 Qe5 29. Re1 Qd6 30. Qxh5 Bxd5 31. Rxg7 Kxg7 32. Bh6+ Kh8 33. Qxd5
Qg3 34. Qe4 Rg8 35. Rf1 Qxh3 36. Bf4 Rg4 37. Qf3 Qh4 38. c3 Rdg8 39. Rf2 Qh5
40. Kf1 Qf5 41. Qe4 Qd7 42. Qc2 Qe6 43. c4 1/2-1/2

[Event "Hastings Masters 2011-12"]
[Site "Hastings ENG"]
[Date "2011.12.31"]
[Round "4.40"]
[White "Drogou, Gerard"]
[Black "Flear, Glenn C"]
[Result "0-1"]
[WhiteElo "2063"]
[BlackElo "2472"]
[PlyCount "48"]
[EventDate "2011.12.28"]

1. d4 d5 2. Nf3 Nf6 3. e3 g6 4. c4 Bg7 5. cxd5 Nxd5 6. Nc3 O-O 7. Bc4 Nb6 8.
Bb3 c5 9. d5 c4 10. Bc2 Bxc3+ 11. bxc3 Qxd5 12. Ba3 Nc6 13. O-O Qa5 14. Bb2 Bf5
15. e4 Bg4 16. h3 Rfd8 17. Qe2 Bxf3 18. Qxf3 Rd2 19. Rfc1 Rad8 20. a4 Qg5 21.
Qg4 Qxg4 22. hxg4 Nd7 23. Ba3 Nde5 24. Rab1 Nxg4 0-1

[Event "Hastings Masters 2011-12"]
[Site "Hastings ENG"]
[Date "2011.12.31"]
[Round "4.41"]
[White "Flynn, David"]
[Black "Krishna, C.R.G."]
[Result "0-1"]
[WhiteElo "1978"]
[BlackElo "2305"]
[PlyCount "80"]
[EventDate "2011.12.28"]

1. e4 e6 2. d4 d5 3. Nd2 Nf6 4. e5 Nfd7 5. Bd3 c5 6. c3 Nc6 7. Ne2 cxd4 8. cxd4
f6 9. exf6 Nxf6 10. Nf3 Bd6 11. O-O O-O 12. Bf4 Bxf4 13. Nxf4 Ne4 14. Ne2 Rxf3
15. gxf3 Ng5 16. f4 Nf3+ 17. Kg2 Nh4+ 18. Kh1 e5 19. fxe5 Bg4 20. f4 Nxd4 21.
Bxh7+ Kxh7 22. Qxd4 Bxe2 23. Rf2 Nf5 24. Qc3 Bh5 25. Qh3 g6 26. Rc1 Rc8 27.
Rfc2 Rxc2 28. Rxc2 d4 29. Qb3 d3 30. Qf7+ Kh6 31. Rd2 Bf3+ 32. Kg1 Qd4+ 33. Kf1
Qe3 34. Qf6 Be2+ 35. Rxe2 Qxe2+ 36. Kg1 Qe1+ 37. Kg2 Ne3+ 38. Kh3 Qf1+ 39. Kh4
Qf2+ 40. Kh3 Qg2+ 0-1

[Event "Hastings Masters 2011-12"]
[Site "Hastings ENG"]
[Date "2011.12.31"]
[Round "4.42"]
[White "Hoare, Amy B"]
[Black "Rudd, Jack"]
[Result "0-1"]
[WhiteElo "1930"]
[BlackElo "2290"]
[PlyCount "74"]
[EventDate "2011.12.28"]

1. e4 d6 2. d4 g6 3. Nc3 Bg7 4. Be3 Nd7 5. Qd2 e6 6. f3 a6 7. h4 h6 8. g4 Ne7
9. O-O-O b5 10. Nh3 Nb6 11. Bd3 Bd7 12. f4 Qc8 13. e5 d5 14. h5 Nc4 15. Qe2
gxh5 16. gxh5 b4 17. Nb1 Nxe3 18. Qxe3 Bb5 19. Rhg1 Bf8 20. Nd2 Bxd3 21. Qxd3
Nf5 22. Nb3 c5 23. dxc5 Bxc5 24. Nxc5 Qxc5 25. Rd2 Ke7 26. Rdg2 Rhc8 27. Kb1 a5
28. Rc1 a4 29. Qd2 Ne3 30. Rg3 Nc4 31. Qf2 Qxf2 32. Nxf2 Nd2+ 33. Ka1 b3 34. c3
a3 35. Rd1 axb2+ 36. Kxb2 Rxa2+ 37. Kc1 Rc2# 0-1

[Event "Hastings Masters 2011-12"]
[Site "Hastings ENG"]
[Date "2011.12.31"]
[Round "4.43"]
[White "Prosviriakov, Vladimir"]
[Black "Canonne, Antoine"]
[Result "1-0"]
[WhiteElo "2274"]
[BlackElo "2023"]
[PlyCount "69"]
[EventDate "2011.12.28"]

1. Nf3 Nc6 2. e4 e5 3. Nc3 Nf6 4. g3 d5 5. exd5 Nxd5 6. Bg2 Nxc3 7. bxc3 Bg4 8.
h3 Bh5 9. O-O Bd6 10. Rb1 Rb8 11. d4 O-O 12. g4 Bg6 13. dxe5 Nxe5 14. Nxe5 Bxe5
15. Qxd8 Rfxd8 16. f4 Bxc2 17. Rb2 Bd3 18. fxe5 Bxf1 19. Bxf1 Rd1 20. Bf4 b6
21. Kf2 h6 22. Be2 Rd7 23. Bc4 Kh8 24. h4 Rf8 25. Kg3 c6 26. a4 Re8 27. g5 hxg5
28. hxg5 g6 29. Re2 Kg7 30. Rh2 Rd1 31. e6 fxe6 32. Be5+ Kf8 33. Rh8+ Ke7 34.
Rh7+ Kd8 35. Bc7+ 1-0

[Event "Hastings Masters 2011-12"]
[Site "Hastings ENG"]
[Date "2011.12.31"]
[Round "4.44"]
[White "Murchadha, Oissine"]
[Black "Sreeves, Clement"]
[Result "0-1"]
[WhiteElo "1846"]
[BlackElo "2247"]
[PlyCount "84"]
[EventDate "2011.12.28"]

1. e4 c5 2. Nf3 d6 3. d4 cxd4 4. Nxd4 Nf6 5. Nc3 g6 6. Be3 Bg7 7. f3 Nc6 8. Qd2
O-O 9. O-O-O d5 10. Qe1 e5 11. Nxc6 bxc6 12. exd5 Nxd5 13. Bc4 Be6 14. Ne4 h6
15. g4 Qc7 16. Bc5 Rfd8 17. Qf2 Nf4 18. Bxe6 Nxe6 19. Be3 Qa5 20. Rxd8+ Rxd8
21. a3 Nd4 22. g5 h5 23. Nf6+ Bxf6 24. gxf6 Qd5 25. Bxd4 Qa2 26. c3 Qa1+ 27.
Kc2 Qxh1 28. Qe3 Qxh2+ 29. Kb1 Qf4 30. Qxe5 Qxe5 31. Bxe5 Rd3 32. Bb8 Rxf3 33.
Be5 h4 34. Ka2 h3 35. Kb3 Rf2 36. c4 h2 37. Bxh2 Rxh2 38. Kb4 Rxb2+ 39. Ka5 g5
40. c5 g4 41. Ka6 g3 42. Kxa7 g2 0-1

[Event "Hastings Masters 2011-12"]
[Site "Hastings ENG"]
[Date "2011.12.31"]
[Round "4.47"]
[White "Calvert, D Ian"]
[Black "Helbig, Paul D"]
[Result "0-1"]
[WhiteElo "1947"]
[BlackElo "2128"]
[PlyCount "82"]
[EventDate "2011.12.28"]

1. b3 e5 2. Bb2 Nc6 3. e3 Nf6 4. Nf3 d6 5. d4 exd4 6. Nxd4 Ne5 7. Be2 Be7 8. c4
O-O 9. O-O Re8 10. Nc3 c6 11. Nf3 Nxf3+ 12. Bxf3 Bf5 13. Qd2 Bg4 14. Bxg4 Nxg4
15. h3 Nf6 16. Rfd1 Qa5 17. Nd5 Qxd2 18. Nxf6+ Bxf6 19. Rxd2 Bxb2 20. Rxb2 Kf8
21. Rd2 Re6 22. Rad1 Ke7 23. e4 Rxe4 24. Rxd6 Re1+ 25. Rxe1+ Kxd6 26. Rd1+ Kc7
27. f4 a5 28. a3 a4 29. b4 Re8 30. c5 Re3 31. Ra1 h5 32. Kf2 Rc3 33. Re1 Rxa3
34. Re7+ Kb8 35. Rxf7 Rb3 36. Rd7 Rxb4 37. Ke3 Rc4 38. g4 Rxc5 39. gxh5 a3 40.
Rd3 a2 41. Ra3 Rc3+ 0-1

[Event "Hastings Masters 2011-12"]
[Site "Hastings ENG"]
[Date "2011.12.31"]
[Round "4.48"]
[White "Rajesh, Gorak"]
[Black "Gregory, Stephen J"]
[Result "0-1"]
[WhiteElo "1401"]
[BlackElo "2124"]
[PlyCount "132"]
[EventDate "2011.12.28"]

1. e4 d6 2. d4 Nf6 3. Nc3 g6 4. Be3 c6 5. h3 Bg7 6. f4 O-O 7. Nf3 b5 8. e5 Nd5
9. Nxd5 cxd5 10. Qd2 Qb6 11. Bd3 Nc6 12. c3 Na5 13. b3 Bd7 14. O-O Rac8 15. f5
dxe5 16. dxe5 Qc7 17. Bd4 Nc6 18. f6 Nxd4 19. Nxd4 exf6 20. exf6 Bh8 21. Bxb5
Bxb5 22. Nxb5 Qb6+ 23. Nd4 Bxf6 24. Rad1 Bg7 25. Kh1 Rc7 26. Ne2 Rd8 27. c4 d4
28. Qd3 Re7 29. Rf3 Rde8 30. Nf4 Qa5 31. Rff1 Re3 32. Qd2 Qe5 33. Nd5 Re2 34.
Qa5 Qg3 35. Nf4 R2e3 36. Qxa7 Be5 37. Qxf7+ Kxf7 38. Ne2+ Kg7 39. Nxg3 Rxg3 40.
Rf3 Rxf3 41. gxf3 Ra8 42. Rd2 Kf7 43. Kg2 Ke6 44. Kf2 Kd6 45. Ke2 Kc5 46. Kd3
Bf4 47. Rb2 Be3 48. b4+ Kb6 49. Ke2 Ra3 50. b5 Rc3 51. a4 Rxc4 52. Ra2 Ka5 53.
Kd3 Rb4 54. Kc2 Rxa4 55. Rxa4+ Kxa4 56. b6 Kb4 57. Kd3 Kc5 58. b7 Bf4 59. h4
Kd5 60. Kc2 Bb8 61. Kd3 Ke5 62. Kd2 Kf4 63. Ke2 h5 64. Kd3 Kxf3 65. Kxd4 Kg4
66. Ke4 Kxh4 0-1

[Event "Hastings Masters 2011-12"]
[Site "Hastings ENG"]
[Date "2011.12.31"]
[Round "4.49"]
[White "Lasinskas, Povilas"]
[Black "Clayton, Tristan"]
[Result "1-0"]
[WhiteElo "2122"]
[BlackElo "1812"]
[PlyCount "87"]
[EventDate "2011.12.28"]

1. d4 Nf6 2. Nf3 g6 3. c4 Bg7 4. Nc3 d6 5. Bg5 O-O 6. Qc2 c6 7. Rd1 Bf5 8. e4
Bg4 9. Be2 Qc7 10. O-O Bxf3 11. Bxf3 e5 12. dxe5 dxe5 13. b4 Nbd7 14. c5 a5 15.
a3 axb4 16. axb4 b6 17. Na4 bxc5 18. Nxc5 Rfb8 19. Nxd7 Nxd7 20. Be7 Bf8 21.
Bg4 Nb6 22. Bc5 Rd8 23. h4 Nd7 24. Bxf8 Nxf8 25. b5 c5 26. Rd5 Rxd5 27. exd5
Qd6 28. Rc1 h5 29. Bh3 Qxd5 30. Qxc5 Qxc5 31. Rxc5 Ra1+ 32. Kh2 e4 33. Bc8 Rb1
34. Kg3 Nh7 35. Kf4 Nf6 36. Ke5 Ng4+ 37. Bxg4 hxg4 38. Kxe4 Rb4+ 39. Kd5 Rb2
40. Kc6 Rxf2 41. b6 Rxg2 42. b7 Rb2 43. Rb5 Rxb5 44. Kxb5 1-0

[Event "Hastings Masters 2011-12"]
[Site "Hastings ENG"]
[Date "2011.12.31"]
[Round "4.50"]
[White "Waddington, Mike P"]
[Black "Bourached, Anthony"]
[Result "1/2-1/2"]
[WhiteElo "2114"]
[BlackElo "1895"]
[PlyCount "67"]
[EventDate "2011.12.28"]

1. Nc3 c5 2. e4 d6 3. f4 g6 4. Nf3 Bg7 5. Bc4 Nc6 6. O-O Nf6 7. f5 e6 8. fxe6
fxe6 9. d3 O-O 10. a3 d5 11. Ba2 Kh8 12. Bg5 d4 13. Ne2 Qe8 14. Ng3 e5 15. Qd2
Be6 16. Bxe6 Qxe6 17. h3 c4 18. Bh6 b5 19. Bxg7+ Kxg7 20. Rf2 a5 21. Raf1 h6
22. Nh4 Ne7 23. Kh2 cxd3 24. cxd3 Qb3 25. Rc1 Rac8 26. Rff1 b4 27. axb4 axb4
28. Nf3 Nd7 29. Rxc8 Rxc8 30. Rf2 Qa4 31. Nxe5 Nxe5 32. Qf4 N7c6 33. Nh5+ Kh7
34. Nf6+ 1/2-1/2

[Event "Hastings Masters 2011-12"]
[Site "Hastings ENG"]
[Date "2011.12.31"]
[Round "4.51"]
[White "Stewart, Neil"]
[Black "Arias Castanedo, Jacinto"]
[Result "1-0"]
[WhiteElo "2299"]
[BlackElo "1941"]
[PlyCount "71"]
[EventDate "2011.12.28"]

1. d4 d5 2. Nf3 Nf6 3. c4 e6 4. Bg5 Be7 5. Nc3 Nbd7 6. e3 O-O 7. cxd5 exd5 8.
Bd3 c6 9. Qc2 Re8 10. h3 g6 11. O-O Ne4 12. Bf4 Nxc3 13. bxc3 Bf6 14. Rab1 Nf8
15. Ne5 Ne6 16. Bg3 Ng7 17. Bh2 Re7 18. f3 Be6 19. Qf2 Rc8 20. g4 Bxe5 21. Bxe5
Rd7 22. Kh1 f6 23. Bg3 Rf7 24. Rb2 Qd7 25. Rfb1 b6 26. Qh2 f5 27. Bf4 Qe7 28.
Bd6 Qh4 29. Bg3 Qh6 30. Bf4 g5 31. Be5 fxg4 32. hxg4 Qxh2+ 33. Rxh2 Rxf3 34.
Rxh7 Rf7 35. Rb2 Bxg4 36. Rbh2 1-0

[Event "Hastings Masters 2011-12"]
[Site "Hastings ENG"]
[Date "2011.12.31"]
[Round "4.52"]
[White "O Grady, Gary P"]
[Black "Cafferty, Bernard"]
[Result "1/2-1/2"]
[WhiteElo "1880"]
[BlackElo "2127"]
[PlyCount "60"]
[EventDate "2011.12.28"]

1. e4 Nf6 2. e5 Nd5 3. d4 d6 4. c4 Nb6 5. f4 Bf5 6. Nc3 Na6 7. Be3 e6 8. Nf3
Be7 9. Be2 O-O 10. O-O dxe5 11. fxe5 Qd7 12. d5 Bg4 13. h3 Bxf3 14. Rxf3 Rad8
15. Rg3 Kh8 16. Bd3 g6 17. Bh6 Rg8 18. Ne4 exd5 19. Nf6 Bxf6 20. exf6 dxc4 21.
Bg7+ Rxg7 22. fxg7+ Kxg7 23. Bc2 Qd2 24. Rf3 Nb4 25. Rf2 Qxd1+ 26. Bxd1 f5 27.
Bf3 c6 28. Re2 Rd7 29. Rae1 Kf7 30. a3 Nd3 1/2-1/2

[Event "Hastings Masters 2011-12"]
[Site "Hastings ENG"]
[Date "2011.12.31"]
[Round "4.53"]
[White "Taylor, Adam C"]
[Black "Haria, Ravi"]
[Result "1/2-1/2"]
[WhiteElo "1772"]
[BlackElo "2045"]
[PlyCount "108"]
[EventDate "2011.12.28"]

1. d4 Nf6 2. c4 c5 3. d5 b5 4. cxb5 a6 5. Nc3 axb5 6. e4 b4 7. Nb5 d6 8. Bc4
Nbd7 9. Qe2 g6 10. f4 Nb6 11. e5 dxe5 12. d6 exd6 13. fxe5 Nfd5 14. exd6+ Be6
15. Bxd5 Nxd5 16. Qe5 Qh4+ 17. g3 Qc4 18. Nc7+ Nxc7 19. dxc7 Qd5 20. Bf4 Rg8
21. Rd1 Qxe5+ 22. Bxe5 Bg7 23. Bxg7 Rxg7 24. Nf3 Rc8 25. O-O Rxc7 26. Ng5 Ke7
27. Rde1 h6 28. Rxf7+ Rxf7 29. Nxe6 Ra7 30. Ng5+ Kf6 31. Nxf7 Kxf7 32. Ra1 Ke6
33. Kf2 Kd5 34. Ke3 Re7+ 35. Kd2 Kc4 36. Rf1 Ra7 37. Rf4+ Kd5 38. Rf6 Rxa2 39.
Kc2 c4 40. Kb1 Ra7 41. Rxg6 Rf7 42. Rxh6 b3 43. Kc1 Kd4 44. Rd6+ Kc5 45. Rd1
Rf2 46. h4 Rg2 47. h5 Rxg3 48. Rh1 c3 49. bxc3 Rxc3+ 50. Kb2 Rg3 51. h6 Rg8 52.
Kxb3 Kd6 53. Kc4 Ke6 54. Ra1 Kf7 1/2-1/2

[Event "Hastings Masters 2011-12"]
[Site "Hastings ENG"]
[Date "2011.12.31"]
[Round "4.54"]
[White "Kalairajah, Shyam"]
[Black "Spanton, Tim R"]
[Result "0-1"]
[WhiteElo "1830"]
[BlackElo "1978"]
[PlyCount "70"]
[EventDate "2011.12.28"]

1. e4 e5 2. Nf3 Nc6 3. Nc3 Nf6 4. d4 exd4 5. Nxd4 Bc5 6. Nxc6 bxc6 7. Bd3 O-O
8. O-O Re8 9. Bg5 h6 10. Bf4 Rb8 11. Re1 d6 12. Na4 Bg4 13. Qd2 Bb4 14. c3 Ba5
15. b4 Bb6 16. Nxb6 axb6 17. f3 Bd7 18. Rad1 Nh5 19. Be3 c5 20. b5 Ra8 21. Bc4
Be6 22. Qe2 Qf6 23. Rc1 Ra3 24. Bxe6 Qxe6 25. Rc2 Rea8 26. Ra1 Nf6 27. Bc1 R3a4
28. c4 Nd7 29. Be3 Ne5 30. Rac1 Ra3 31. Bf4 Nd3 32. Bg3 Nxc1 33. Rxc1 Rxa2 34.
Qd3 R8a3 35. Qd1 Qf6 0-1

[Event "Hastings Masters 2011-12"]
[Site "Hastings ENG"]
[Date "2012.01.01"]
[Round "5.2"]
[White "Williams, Simon K"]
[Black "Istratescu, Andrei"]
[Result "1/2-1/2"]
[WhiteElo "2513"]
[BlackElo "2627"]
[PlyCount "87"]
[EventDate "2011.12.28"]

1. d4 Nf6 2. c4 e6 3. Nf3 b6 4. g3 Ba6 5. Qc2 c5 6. d5 exd5 7. cxd5 g6 8. Bf4
d6 9. Nc3 Bg7 10. Qa4+ Qd7 11. Bxd6 Qxa4 12. Nxa4 Nxd5 13. O-O-O Ne7 14. Bg2
Bb7 15. Nc3 Bc6 16. e4 Bxc3 17. bxc3 Nd7 18. Ne5 Ba4 19. Nxd7 Kxd7 20. Rd2 Rhd8
21. e5 Nc6 22. Bh3+ Ke8 23. e6 f5 24. Bg2 Rac8 25. Re1 Na5 26. Bf1 Nb7 27. Bf4
Rxd2 28. Kxd2 Nd6 29. f3 Rd8 30. Ke3 Bb5 31. Bg5 Rc8 32. Rd1 Bxf1 33. Rxd6 Bb5
34. Kf4 Bc6 35. g4 fxg4 36. fxg4 b5 37. Ke5 a5 38. a3 b4 39. cxb4 axb4 40. axb4
cxb4 41. Rd2 b3 42. Kd6 Bf3 43. h3 Rb8 44. Bf6 1/2-1/2

[Event "Hastings Masters 2011-12"]
[Site "Hastings ENG"]
[Date "2012.01.01"]
[Round "5.3"]
[White "Edouard, Romain"]
[Black "Padmini, Rout"]
[Result "1-0"]
[WhiteElo "2621"]
[BlackElo "2392"]
[PlyCount "49"]
[EventDate "2011.12.28"]

1. e4 c5 2. Nc3 d6 3. Nge2 Nf6 4. d4 cxd4 5. Nxd4 a6 6. Be3 e5 7. Nb3 Be6 8.
Qd2 Nbd7 9. f3 Rc8 10. g4 Nb6 11. O-O-O Be7 12. h4 Nfd7 13. g5 Nc4 14. Bxc4
Rxc4 15. f4 f5 16. fxe5 dxe5 17. exf5 Bxf5 18. Rhf1 Bg6 19. Na5 Rxh4 20. Nd5
Ra4 21. Qc3 Qb8 22. Nc7+ Kd8 23. Ne6+ Ke8 24. Nxg7+ Kd8 25. Bb6+ 1-0

[Event "Hastings Masters 2011-12"]
[Site "Hastings ENG"]
[Date "2012.01.01"]
[Round "5.4"]
[White "Houska, Jovanka"]
[Black "Vovk, Yuri"]
[Result "0-1"]
[WhiteElo "2415"]
[BlackElo "2571"]
[PlyCount "92"]
[EventDate "2011.12.28"]

1. d4 Nf6 2. Nf3 e6 3. c4 d5 4. Bg5 Bb4+ 5. Nbd2 dxc4 6. Qc2 b5 7. a4 c6 8. e4
Nbd7 9. Be2 Bb7 10. O-O h6 11. Bh4 g5 12. Bg3 Nh5 13. e5 g4 14. Nh4 Nxg3 15.
fxg3 Nxe5 16. Qe4 Qd5 17. dxe5 Bxd2 18. Qxg4 Qxe5 19. axb5 cxb5 20. Bf3 h5 21.
Qh3 Be4 22. Kh1 a5 23. Rad1 Rd8 24. g4 Rd3 25. gxh5 Qxh5 26. Bxh5 Rxh3 27.
Bxf7+ Ke7 28. Bg6 R3xh4 29. Rf7+ Ke8 30. Rf5+ Kd7 31. Rxd2+ Kc6 32. Rf6 Rxh2+
33. Kg1 Bd5 34. Be4 Kc5 35. Bxd5 exd5 36. Rf5 Rh1+ 37. Kf2 Rd8 38. Re2 Kb4 39.
Kg3 Rb1 40. Kh2 d4 41. Rff2 d3 42. Rd2 Rd5 43. g4 Kb3 44. Rg2 b4 45. g5 c3 46.
bxc3 bxc3 0-1

[Event "Hastings Masters 2011-12"]
[Site "Hastings ENG"]
[Date "2012.01.01"]
[Round "5.5"]
[White "Pert, Nicholas"]
[Black "Arkell, Keith C"]
[Result "1-0"]
[WhiteElo "2563"]
[BlackElo "2418"]
[PlyCount "137"]
[EventDate "2011.12.28"]

1. Nf3 e6 2. g3 f5 3. Bg2 Nf6 4. O-O Be7 5. c4 O-O 6. Nc3 d6 7. d4 Ne4 8. Qc2
Nxc3 9. Qxc3 a5 10. b3 Nc6 11. Bb2 Bf6 12. Qd2 e5 13. dxe5 dxe5 14. Qd5+ Kh8
15. Qxd8 Rxd8 16. Rfd1 Re8 17. Ne1 Kg8 18. e3 a4 19. Nd3 axb3 20. axb3 Rxa1 21.
Rxa1 e4 22. Bxf6 gxf6 23. Nf4 Nb4 24. Kf1 Bd7 25. Bh3 Kf7 26. Ke2 b5 27. Ra7
Rc8 28. Nd5 Nxd5 29. cxd5 Ke7 30. f3 exf3+ 31. Kxf3 Kd6 32. Kf4 Kxd5 33. Bxf5
Bxf5 34. Kxf5 Kc5 35. Kxf6 Kb4 36. Rb7 c6 37. e4 Kxb3 38. Ke7 Kc4 39. e5 c5 40.
e6 b4 41. Kd7 Rg8 42. e7 Kb3 43. e8=Q Rxe8 44. Kxe8 c4 45. Rxh7 Kc2 46. h4 b3
47. h5 b2 48. Rb7 b1=Q 49. Rxb1 Kxb1 50. h6 c3 51. h7 c2 52. h8=Q c1=Q 53. Qh7+
Ka2 54. Qa7+ Kb3 55. Qb6+ Ka4 56. Qa6+ Kb4 57. Qd6+ Kb3 58. Qe6+ Kb4 59. g4 Qf4
60. Qe7+ Kc3 61. g5 Qa4+ 62. Kf8 Qa8+ 63. Kg7 Kd3 64. g6 Qc8 65. Kf6 Kd2 66. g7
Qc6+ 67. Qe6 Qc3+ 68. Kf7 Qf3+ 69. Ke7 1-0

[Event "Hastings Masters 2011-12"]
[Site "Hastings ENG"]
[Date "2012.01.01"]
[Round "5.6"]
[White "Sengupta, Deep"]
[Black "Godard, Maxence"]
[Result "1-0"]
[WhiteElo "2562"]
[BlackElo "2333"]
[PlyCount "61"]
[EventDate "2011.12.28"]

1. e4 c6 2. d4 d5 3. e5 Bf5 4. Be3 e6 5. Nd2 Nd7 6. Ngf3 h6 7. Be2 Ne7 8. O-O
g5 9. Ne1 Bh7 10. Bd3 Nf5 11. c4 Bg7 12. Qb1 Bg6 13. g4 Nh4 14. Ng2 Bxd3 15.
Qxd3 Nxg2 16. Kxg2 O-O 17. cxd5 cxd5 18. f4 gxf4 19. Bxf4 Rc8 20. Qe3 Rc2 21.
Bxh6 Qh4 22. Bxg7 Kxg7 23. Rf2 Rxb2 24. Qc3 Rb6 25. Raf1 Rc6 26. Qd3 Qh6 27.
Kh1 Qg6 28. Qb3 Rc7 29. Qa3 Nb6 30. Rf6 Qg5 31. Nf3 1-0

[Event "Hastings Masters 2011-12"]
[Site "Hastings ENG"]
[Date "2012.01.01"]
[Round "5.7"]
[White "Roy Chowdhury, Saptarshi"]
[Black "Hebden, Mark L"]
[Result "1/2-1/2"]
[WhiteElo "2411"]
[BlackElo "2515"]
[PlyCount "94"]
[EventDate "2011.12.28"]

1. e4 e5 2. Nf3 Nc6 3. Bc4 Nf6 4. d3 Be7 5. O-O O-O 6. Bb3 d6 7. c3 Na5 8. Bc2
c5 9. a3 Nc6 10. b4 a6 11. Nbd2 Re8 12. Bb2 d5 13. Re1 dxe4 14. dxe4 Be6 15.
Bb3 Bf8 16. Bxe6 Rxe6 17. Qe2 Qc7 18. Rad1 b5 19. Nf1 Qb7 20. Ng3 Ree8 21. Bc1
h6 22. Nf5 Rad8 23. N3h4 Rxd1 24. Qxd1 cxb4 25. axb4 Re6 26. h3 Kh8 27. Nf3 Ng8
28. Qb3 a5 29. bxa5 Nxa5 30. Qd5 Nf6 31. Qd8 Re8 32. Qd3 Nb3 33. Qb1 Nxc1 34.
Qxc1 Qc6 35. Qb1 Kg8 36. Ng3 Bc5 37. Qd3 Bb6 38. Rb1 Rb8 39. Nxe5 Qc5 40. Nf3
Qxf2+ 41. Kh2 Qe3 42. Qd6 Ba7 43. e5 Ne4 44. Nxe4 Qxe4 45. Rb4 Qe3 46. Qd7 Bc5
47. Rxb5 Rxb5 1/2-1/2

[Event "Hastings Masters 2011-12"]
[Site "Hastings ENG"]
[Date "2012.01.01"]
[Round "5.8"]
[White "Vuilleumier, Alexandre"]
[Black "Holzke, Frank"]
[Result "0-1"]
[WhiteElo "2356"]
[BlackElo "2506"]
[PlyCount "50"]
[EventDate "2011.12.28"]

1. e4 c5 2. Nf3 d6 3. d4 cxd4 4. Nxd4 Nf6 5. Nc3 a6 6. Be3 e6 7. f4 b5 8. Qf3
Bb7 9. Bd3 Nbd7 10. O-O Rc8 11. Rad1 Be7 12. a3 O-O 13. Qh3 Rxc3 14. bxc3 Qc7
15. e5 dxe5 16. Nxe6 fxe6 17. Qxe6+ Kh8 18. Qxe7 Re8 19. Qb4 Nd5 20. Qe4 N7f6
21. Qf3 e4 22. Qh3 exd3 23. Rxd3 Nxe3 24. Rxe3 Qb6 25. Rfe1 Nd5 0-1